Holiday Quiz

Random Holiday or Oceania Quiz

ANZAC Day Quiz Stats

Quiz not verified by Sporcle

Challenge
Share
Tweet
Score 0/12 Timer 05:00
0 Plays Today
% Correct
New Zealand
97.4%
Australia
95.7%
World War I
87.1%
Poppy
80.5%
Dawn
76.1%
Wreaths
73%
Gallipoli
68.1%
Veterans
67.8%
Army Corps
62.1%
April 25th
46.6%
Last Post
36.8%
For the Fallen
18.1%

You're not logged in!

Compare scores with friends on all Sporcle quizzes.
Sign Up with Email
OR
Log In

You Might Also Like...

Show Comments

Extras

Top Quizzes Today


Score Distribution

Your Account Isn't Verified!

In order to create a playlist on Sporcle, you need to verify the email address you used during registration. Go to your Sporcle Settings to finish the process.